[Event "4NCL Online Division 4"]
[Site "online"]
[Date "2020.10.06"]
[Round "4.93"]
[White "Buswell, A Mark"]
[Black "Bajpayee, Yayin"]
[Result "1-0"]
[WhiteElo "1787"]
[BlackElo "1225"]
[PlyCount "105"]
[EventDate "2020.10.06"]
[WhiteTeam "Hertford 1"]
[BlackTeam "Watford Juniors A"]

1. d4 d5 2. c4 c6 3. cxd5 cxd5 4. Nc3 Nf6 5. Bg5 Bf5 6. e3 e6 7. Nf3 Nbd7 8.
Ne5 Be7 9. Bxf6 gxf6 10. Nxd7 Kxd7 11. Rc1 Bb4 12. Qa4+ Kc8 13. Qxb4 Kb8 14.
Nb5 Qb6 15. Qd6+ Qxd6 16. Nxd6 a6 17. Nxf5 exf5 18. Bd3 f4 19. O-O Ka7 20. Rc7
Raf8 21. e4 h5 22. exd5 Kb6 23. Rfc1 Rd8 24. Be4 f5 25. Bf3 Rhe8 26. Kf1 f6 27.
R1c5 Rf8 28. d6 Rb8 29. d7 Rfd8 30. Rc8 Ka7 31. Rxb8 Kxb8 32. Rc8+ Rxc8 33.
dxc8=Q+ Kxc8 34. Bxh5 Kd7 35. Ke2 Ke6 36. Kd3 Kd5 37. Bf3+ Kd6 38. Bxb7 a5 39.
Kc4 Kc7 40. Bf3 Kd7 41. h4 Ke7 42. Kc5 a4 43. Kc6 Kd8 44. d5 a3 45. bxa3 Ke8
46. Kc7 Kf7 47. d6 Ke6 48. d7 Kf7 49. h5 Kg7 50. d8=Q Kh6 51. Qxf6+ Kh7 52.
Qxf5+ Kh6 53. Qg6# 1-0

[Event "4NCL Online Division 4"]
[Site "online"]
[Date "2020.10.06"]
[Round "4.94"]
[White "George, Seb"]
[Black "Du Boulay, Andrew"]
[Result "0-1"]
[WhiteElo "1150"]
[BlackElo "1780"]
[PlyCount "46"]
[EventDate "2020.10.06"]
[WhiteTeam "Watford Juniors A"]
[BlackTeam "Hertford 1"]

1. g3 d5 2. Bg2 Nf6 3. c4 c6 4. cxd5 cxd5 5. Nc3 Nc6 6. d4 e6 7. Bf4 Bd6 8.
Bxd6 Qxd6 9. a3 a6 10. e3 O-O 11. Nge2 Na5 12. Qa4 Qb6 13. O-O Bd7 14. Qb4 Qxb4
15. axb4 Nc6 16. b5 Nb4 17. bxa6 bxa6 18. Na4 Bb5 19. Nac3 Bc4 20. b3 Bd3 21.
Rfd1 Rfb8 22. Nc1 Bg6 23. N3a2 Nc2 0-1

[Event "4NCL Online Division 4"]
[Site "online"]
[Date "2020.10.06"]
[Round "4.101"]
[White "Gajdosz, Marek"]
[Black "Maydew, Simon"]
[Result "0-1"]
[WhiteElo "1750"]
[BlackElo "1765"]
[PlyCount "36"]
[EventDate "2020.10.06"]
[WhiteTeam "Darnall & Handsworth"]
[BlackTeam "Shropshire 3"]

1. d4 Nf6 2. Nf3 e6 3. c4 b6 4. g3 Bb7 5. Bg2 Be7 6. O-O O-O 7. Re1 Ne4 8. Qd3
f5 9. Nbd2 d5 10. cxd5 exd5 11. Ne5 c5 12. e3 c4 13. Qc2 Nc6 14. Ndxc4 Nb4 15.
Qb3 dxc4 16. Qxc4+ Bd5 17. Qe2 Rc8 18. f3 Nf6 0-1

[Event "4NCL Online Division 4"]
[Site "online"]
[Date "2020.10.06"]
[Round "4.102"]
[White "Podlesak, Mark"]
[Black "Brown, Geoffrey D"]
[Result "1/2-1/2"]
[WhiteElo "1735"]
[BlackElo "1726"]
[PlyCount "127"]
[EventDate "2020.10.06"]
[WhiteTeam "Shropshire 3"]
[BlackTeam "Darnall & Handsworth"]

1. d4 e6 2. Nf3 f5 3. Bf4 Nf6 4. e3 Be7 5. Bd3 d6 6. Nbd2 O-O 7. c3 a5 8. h3
Nbd7 9. Qc2 c5 10. O-O-O Nd5 11. Bh2 Nc7 12. g4 g6 13. gxf5 exf5 14. Rhg1 Kh8
15. Nc4 b5 16. Nxd6 c4 17. Be2 Ra6 18. Nxc8 Qxc8 19. Ne5 Nf6 20. Rxg6 hxg6 21.
Nxg6+ Kh7 22. Nxf8+ Bxf8 23. Bxc7 Qxc7 24. Qxf5+ Kh8 25. Rg1 b4 26. Rg6 Bg7 27.
Qb5 Rc6 28. Qg5 bxc3 29. bxc3 Qe7 30. Qxa5 Rc7 31. Rg1 Ra7 32. Qb4 Qxb4 33.
cxb4 Rxa2 34. Bd1 Ne4 35. f3 Nf2 36. Bc2 Ra1+ 37. Bb1 Nd3+ 38. Kc2 Ra3 39. Kd2
Nxb4 40. Rc1 Rb3 41. Be4 Rb2+ 42. Kd1 Nd3 43. Bxd3 cxd3 44. Rc3 Rf2 45. f4 d2
46. Rd3 Rh2 47. Rxd2 Rxh3 48. Re2 Kg8 49. Kc2 Kf7 50. Kd3 Ke6 51. Ke4 Rg3 52.
Ra2 Bf8 53. Ra6+ Kd7 54. f5 Rh3 55. Re6 Bh6 56. Kd3 Bg5 57. d5 Rf3 58. Kd4 Rxf5
59. e4 Rf1 60. Kc4 Be7 61. Rg6 Rf4 62. Kd3 Rf3+ 63. Kc4 Rf4 64. Kd3 1/2-1/2

[Event "4NCL Online Division 4"]
[Site "online"]
[Date "2020.10.06"]
[Round "4.103"]
[White "Holroyd-Doveton, Nathaniel"]
[Black "Walker, Kate"]
[Result "0-1"]
[WhiteElo "1720"]
[BlackElo "1705"]
[PlyCount "68"]
[EventDate "2020.10.06"]
[WhiteTeam "Darnall & Handsworth"]
[BlackTeam "Shropshire 3"]

1. c4 c5 2. Nc3 e6 3. Nf3 Nc6 4. g3 d5 5. cxd5 exd5 6. d4 Be6 7. Bg2 Nf6 8. O-O
Be7 9. dxc5 Bxc5 10. Qa4 O-O 11. Bg5 h6 12. Bxf6 Qxf6 13. Rac1 Bb6 14. Rfd1
Rfd8 15. e3 Rd7 16. Qf4 Qe7 17. Qh4 f6 18. Nd4 Nxd4 19. exd4 Qb4 20. Ne2 Qxb2
21. Bh3 Bxh3 22. Qxh3 Re7 23. Rc8+ Rxc8 24. Qxc8+ Kf7 25. Nc3 Rc7 26. Qd8 Qxc3
27. Qxd5+ Kf8 28. Qd8+ Kf7 29. Qd5+ Ke7 30. Qe4+ Kf8 31. Re1 Qc6 32. Qh7 Bxd4
33. Qd3 Qc5 34. Qe2 Re7 0-1

[Event "4NCL Online Division 4"]
[Site "online"]
[Date "2020.10.06"]
[Round "4.104"]
[White "Chatterton, Craig"]
[Black "Raby, Eugene BD"]
[Result "1/2-1/2"]
[WhiteElo "1570"]
[BlackElo "1705"]
[PlyCount "55"]
[EventDate "2020.10.06"]
[WhiteTeam "Darnall & Handsworth"]
[BlackTeam "Shropshire 3"]

1. e4 d5 2. exd5 Qxd5 3. Nc3 Qa5 4. d4 c6 5. Nf3 Nf6 6. Bd2 Bg4 7. Be2 Qd8 8.
Be3 e6 9. h3 Bxf3 10. Bxf3 Bd6 11. Qd3 O-O 12. g4 Na6 13. a3 Nc7 14. O-O-O Ncd5
15. Nxd5 cxd5 16. g5 Nd7 17. h4 Nb6 18. h5 Nc4 19. g6 Qb6 20. gxh7+ Kh8 21. Qb3
Qxb3 22. cxb3 Nxe3 23. fxe3 Kxh7 24. Be2 Rac8+ 25. Kd2 Rh8 26. Bd3+ Kg8 27.
Rdg1 Rh6 28. Ke2 1/2-1/2

[Event "4NCL Online Division 4"]
[Site "online"]
[Date "2020.10.06"]
[Round "4.111"]
[White "Johal, Amrissa Kaur"]
[Black "Parry, Samuel"]
[Result "1/2-1/2"]
[WhiteElo "1420"]
[BlackElo "1982"]
[PlyCount "99"]
[EventDate "2020.10.06"]
[WhiteTeam "Warwickshire Bears C"]
[BlackTeam "Manchester Juniors A"]

1. d4 Nf6 2. Nf3 g6 3. Nc3 d5 4. Bg5 Nbd7 5. e3 Bg7 6. Bd3 O-O 7. O-O c5 8. Bb5
c4 9. Bxd7 Qxd7 10. h3 b5 11. a3 Qb7 12. Re1 Bf5 13. Bxf6 exf6 14. Nh4 Be6 15.
Qd2 f5 16. g3 a5 17. Ne2 b4 18. axb4 axb4 19. c3 bxc3 20. bxc3 Rfb8 21. Qc2 Bd7
22. Reb1 Rxa1 23. Rxa1 Qb2 24. Qxb2 Rxb2 25. Re1 Bc6 26. Nf3 f6 27. Kg2 Kf7 28.
h4 Rc2 29. Kf1 Bf8 30. Rc1 Ra2 31. Ke1 Ba3 32. Rb1 Bb2 33. Kf1 Ba1 34. Rc1 Ba4
35. Rb1 Bb2 36. Ne1 Ba3 37. Rb7+ Be7 38. Ra7 Bb3 39. Rxa2 Bxa2 40. Nf4 Bd6 41.
Nxd5 Ke6 42. Nf4+ Kd7 43. Nd5 Ke6 44. Nf4+ Kf7 45. Ke2 Bb1 46. Kd2 Be4 47. Nc2
g5 48. Ne2 Ke6 49. Nb4 h5 50. f4 1/2-1/2

[Event "4NCL Online Division 4"]
[Site "online"]
[Date "2020.10.06"]
[Round "4.112"]
[White "Gardiner, Ethan"]
[Black "Amir, Zain"]
[Result "1-0"]
[WhiteElo "1780"]
[BlackElo "1427"]
[PlyCount "45"]
[EventDate "2020.10.06"]
[WhiteTeam "Manchester Juniors A"]
[BlackTeam "Warwickshire Bears C"]

1. e4 Nc6 2. d4 d5 3. exd5 Qxd5 4. c3 Nf6 5. Nf3 Bg4 6. Be2 e6 7. Bf4 Qd7 8.
Nbd2 Bd6 9. Bxd6 Qxd6 10. Nc4 Qd7 11. Nce5 Qd6 12. a4 Bf5 13. Nxc6 Qxc6 14. Bb5
Qxb5 15. axb5 O-O 16. O-O Rfd8 17. h3 h6 18. Re1 Rd7 19. Ne5 Rdd8 20. Qf3 Rab8
21. Rxa7 Be4 22. Rxe4 Nxe4 23. Qxe4 1-0

[Event "4NCL Online Division 4"]
[Site "online"]
[Date "2020.10.06"]
[Round "4.113"]
[White "Xia, Weiquan"]
[Black "Jayawarna, Tarini"]
[Result "0-1"]
[WhiteElo "1390"]
[BlackElo "1712"]
[PlyCount "50"]
[EventDate "2020.10.06"]
[WhiteTeam "Warwickshire Bears C"]
[BlackTeam "Manchester Juniors A"]

1. d4 Nf6 2. Bf4 g6 3. Nc3 Bg7 4. e4 d6 5. Nf3 O-O 6. Bd3 Nbd7 7. Qd2 c5 8. Be2
Qb6 9. Na4 Qd8 10. O-O Nxe4 11. Qd3 Nef6 12. Rad1 Nb6 13. Nxb6 Qxb6 14. Qb5
Qxb5 15. Bxb5 cxd4 16. Nxd4 e5 17. Bxe5 dxe5 18. Nf3 Bg4 19. Rd3 e4 20. Rd4
exf3 21. gxf3 Bxf3 22. Bd3 Nd5 23. Rf4 Nxf4 24. Re1 Rfe8 25. Rf1 Nh3# 0-1

[Event "4NCL Online Division 4"]
[Site "online"]
[Date "2020.10.06"]
[Round "4.114"]
[White "Jayawarna, Thisumi"]
[Black "Vaidyanathan, Sathya"]
[Result "1-0"]
[WhiteElo "1705"]
[BlackElo "1127"]
[PlyCount "97"]
[EventDate "2020.10.06"]
[WhiteTeam "Manchester Juniors A"]
[BlackTeam "Warwickshire Bears C"]

1. e4 e5 2. Nf3 Nc6 3. Bc4 Bc5 4. c3 Nf6 5. d3 h6 6. O-O O-O 7. Bb3 a6 8. Nbd2
d6 9. h3 d5 10. exd5 Nxd5 11. Nc4 b5 12. Ncxe5 Nxe5 13. Nxe5 Be6 14. d4 Bb6 15.
Qf3 Nf6 16. Bxe6 fxe6 17. Qg3 Ne4 18. Qg4 Ng5 19. Bxg5 Qxg5 20. Qxe6+ Kh7 21.
Qg4 Qxg4 22. Nxg4 c5 23. Ne5 cxd4 24. Nd7 dxc3 25. Nxf8+ Rxf8 26. bxc3 Rc8 27.
Rac1 Ba5 28. Rc2 b4 29. c4 Bb6 30. Rfc1 a5 31. c5 Ba7 32. c6 a4 33. Kf1 b3 34.
axb3 axb3 35. Rb2 Bd4 36. Rxb3 Be5 37. Rb7 Bf4 38. Rc4 Kg6 39. Rxf4 Rxc6 40.
Rff7 Rc1+ 41. Ke2 Rc2+ 42. Kd3 Ra2 43. Rxg7+ Kf6 44. Rh7 Rxf2 45. Rbf7+ Kg6 46.
Rhg7+ Kh5 47. Rxf2 Kh4 48. Ke4 h5 49. Rf4# 1-0

[Event "4NCL Online Division 4"]
[Site "online"]
[Date "2020.10.06"]
[Round "4.121"]
[White "Soyel, Hamit"]
[Black "Rossiter, Alex"]
[Result "1/2-1/2"]
[WhiteElo "1870"]
[BlackElo "1967"]
[PlyCount "75"]
[EventDate "2020.10.06"]
[WhiteTeam "Kent KJCA Kestrels D"]
[BlackTeam "Bristol Cabot Blackbeards"]

1. e4 e5 2. Nf3 Nc6 3. Bc4 Nf6 4. Ng5 d5 5. exd5 Na5 6. Bb5+ c6 7. dxc6 bxc6 8.
Qf3 Be7 9. Bd3 O-O 10. O-O h6 11. Ne4 Nd5 12. Ng3 Nb4 13. Nc3 Nxd3 14. cxd3 f5
15. Re1 Qc7 16. d4 e4 17. Qh5 Bg5 18. d3 Bxc1 19. Raxc1 exd3 20. Rcd1 Nc4 21.
b3 d2 22. Re2 Qa5 23. Qf3 Nb6 24. Rexd2 Bb7 25. Nge2 Rae8 26. g3 Rf7 27. Nf4
Kh7 28. Re2 Rxe2 29. Nfxe2 g5 30. h4 gxh4 31. Qh5 Rg7 32. Qxh4 Nd5 33. Nxd5
Qxd5 34. Nf4 Qf3 35. Re1 c5 36. dxc5 Rg4 37. Qe7+ Rg7 38. Qh4 1/2-1/2

[Event "4NCL Online Division 4"]
[Site "online"]
[Date "2020.10.06"]
[Round "4.122"]
[White "Harris, Michael T"]
[Black "Allison, Conrad"]
[Result "0-1"]
[WhiteElo "1917"]
[BlackElo "1837"]
[PlyCount "48"]
[EventDate "2020.10.06"]
[WhiteTeam "Bristol Cabot Blackbeards"]
[BlackTeam "Kent KJCA Kestrels D"]

1. e4 d6 2. Nf3 Nf6 3. Nc3 e5 4. Bc4 Be7 5. d3 c6 6. h3 h6 7. a4 Nbd7 8. O-O g5
9. d4 Qc7 10. Qe2 Nf8 11. Qd3 Ng6 12. Ne2 g4 13. hxg4 Bxg4 14. b4 d5 15. exd5
e4 16. Qb3 exf3 17. gxf3 cxd5 18. Bxd5 Nxd5 19. Qxd5 Be6 20. Qe4 O-O-O 21. c4
Rhg8 22. d5 Bh3 23. Rd1 Nh4+ 24. Ng3 Rxg3+ 0-1

[Event "4NCL Online Division 4"]
[Site "online"]
[Date "2020.10.06"]
[Round "4.123"]
[White "Moore, Eoin"]
[Black "Marston, Alastair"]
[Result "1/2-1/2"]
[WhiteElo "1742"]
[BlackElo "1742"]
[PlyCount "42"]
[EventDate "2020.10.06"]
[WhiteTeam "Kent KJCA Kestrels D"]
[BlackTeam "Bristol Cabot Blackbeards"]

1. d4 Nf6 2. c4 c5 3. d5 b5 4. a4 b4 5. Nd2 g6 6. e4 d6 7. f4 Nbd7 8. Ngf3 Bg7
9. Be2 O-O 10. O-O Bb7 11. a5 Qc8 12. h3 e5 13. fxe5 Nxe5 14. Nxe5 dxe5 15. b3
Ne8 16. Bb2 Nd6 17. g4 a6 18. Kh2 f6 19. Qc2 Bh6 20. Nf3 Bf4+ 21. Kh1 g5
1/2-1/2

[Event "4NCL Online Division 4"]
[Site "online"]
[Date "2020.10.06"]
[Round "4.124"]
[White "Roberts, Mike"]
[Black "Dorman, Orla"]
[Result "0-1"]
[WhiteElo "1495"]
[BlackElo "1757"]
[PlyCount "90"]
[EventDate "2020.10.06"]
[WhiteTeam "Bristol Cabot Blackbeards"]
[BlackTeam "Kent KJCA Kestrels D"]

1. d4 Nf6 2. Bf4 d5 3. h3 c5 4. e3 Nc6 5. Nf3 Bf5 6. a3 Qb6 7. b3 cxd4 8. exd4
e6 9. Be2 Be7 10. O-O O-O 11. Be3 Rac8 12. c4 Na5 13. Nbd2 Ne4 14. c5 Qc7 15.
Nxe4 Bxe4 16. Ne5 Bf6 17. Bf4 Qe7 18. b4 Nc6 19. f3 Bf5 20. Nxc6 bxc6 21. Bd6
Qd7 22. Bxf8 Kxf8 23. Bd3 Bxd4+ 24. Kh1 Bxa1 25. Bxf5 Bb2 26. Qb3 Bxa3 27. Qxa3
exf5 28. Qd3 Re8 29. Ra1 Qb7 30. Ra4 g6 31. Qd2 Kg8 32. Qd1 a6 33. Qa1 Qb5 34.
Kh2 Qb8+ 35. Kg1 h6 36. Qc3 Qb5 37. Qa1 Qc4 38. b5 Qxc5+ 39. Kh1 axb5 40. Ra2
Qe3 41. Qb1 Qe1+ 42. Qxe1 Rxe1+ 43. Kh2 b4 44. g3 c5 45. Kg2 c4 0-1

[Event "4NCL Online Division 4"]
[Site "online"]
[Date "2020.10.06"]
[Round "4.131"]
[White "Tarling, Ray"]
[Black "Smith, Peter J"]
[Result "1-0"]
[WhiteElo "1922"]
[BlackElo "1667"]
[PlyCount "65"]
[EventDate "2020.10.06"]
[WhiteTeam "Guildford Gatekeepers"]
[BlackTeam "Bishop Trojans"]

1. e4 a6 2. d4 h6 3. c4 d6 4. Nf3 c6 5. Nc3 Qc7 6. Be2 Nd7 7. O-O g5 8. Be3 Bg7
9. b4 Ngf6 10. h3 g4 11. hxg4 Nxg4 12. Bf4 e5 13. Bg3 Ndf6 14. dxe5 dxe5 15.
Qc2 Nh5 16. Bh4 Nf4 17. Rad1 f6 18. Nh2 h5 19. c5 Ng6 20. Nf3 Nf4 21. Bc4 Be6
22. Ne2 Nxe2+ 23. Qxe2 Bxc4 24. Qxc4 Qe7 25. Rd6 Kf8 26. Rfd1 Re8 27. Rd7 Qe6
28. Qxe6 Rxe6 29. Rxb7 Kg8 30. Rdd7 Bh6 31. Nd2 Bxd2 32. Rb8+ Re8 33. Rxe8# 1-0

[Event "4NCL Online Division 4"]
[Site "online"]
[Date "2020.10.06"]
[Round "4.132"]
[White "Robinson, Brian"]
[Black "Merriman, Rob"]
[Result "0-1"]
[WhiteElo "1557"]
[BlackElo "1795"]
[PlyCount "70"]
[EventDate "2020.10.06"]
[WhiteTeam "Bishop Trojans"]
[BlackTeam "Guildford Gatekeepers"]

1. d4 e6 2. Nf3 c5 3. e3 Nf6 4. Bd3 Be7 5. O-O Nc6 6. b3 O-O 7. Bb2 d5 8. Nbd2
Qc7 9. a3 cxd4 10. exd4 Bd6 11. Qe2 Ne7 12. Ne5 Ng6 13. f4 Nd7 14. Rf3 Ndxe5
15. fxe5 Be7 16. Raf1 Bd7 17. Qf2 Be8 18. c4 dxc4 19. Nxc4 Bc6 20. Rxf7 Nh4 21.
Nd6 Bxg2 22. Rc1 Qxd6 23. exd6 Rxf7 24. Bxh7+ Kxh7 25. Qxf7 Bxd6 26. Qh5+ Kg8
27. Qxh4 Bd5 28. b4 Rf8 29. Rf1 Rc8 30. Qh5 Rc2 31. Qf7+ Kh7 32. Bc1 Rg2+ 33.
Kh1 Rg3+ 34. Rf3 Bxf3+ 35. Qxf3 Rxf3 0-1

[Event "4NCL Online Division 4"]
[Site "online"]
[Date "2020.10.06"]
[Round "4.133"]
[White "Kammin, Samuel"]
[Black "Bainbridge, Bryan J"]
[Result "1-0"]
[WhiteElo "1780"]
[BlackElo "1547"]
[PlyCount "159"]
[EventDate "2020.10.06"]
[WhiteTeam "Guildford Gatekeepers"]
[BlackTeam "Bishop Trojans"]

1. d4 b5 2. e4 Bb7 3. Bxb5 Bxe4 4. Nf3 a6 5. Ba4 e6 6. Bf4 h6 7. Nbd2 Bh7 8.
O-O Nf6 9. c4 Be7 10. Bc2 Bxc2 11. Qxc2 c5 12. d5 O-O 13. d6 Nc6 14. dxe7 Qxe7
15. Ne4 Rfc8 16. Bd6 Qd8 17. Nxc5 Ne8 18. Qd2 Nxd6 19. Qxd6 Ra7 20. Rad1 Nb8
21. b4 Rac7 22. Rd3 Rc6 23. Qf4 Qe7 24. Rfd1 f6 25. Qd2 R8c7 26. Nd4 Rb6 27.
Rg3 Kh8 28. Nc2 d6 29. Na4 Rbc6 30. c5 dxc5 31. Nxc5 a5 32. Qd8+ Qxd8 33. Rxd8+
Kh7 34. Rxb8 axb4 35. Rxb4 Rxc5 36. Ne3 Rc1+ 37. Nf1 Rd7 38. f4 Ra7 39. a4 Ra1
40. Re3 R7xa4 41. Rxa4 Rxa4 42. g3 Ra6 43. Kf2 Kg6 44. Kf3 Kf5 45. g4+ Kg6 46.
Ng3 Kf7 47. Ne2 f5 48. h3 fxg4+ 49. hxg4 g6 50. Re5 Ra3+ 51. Ke4 Ra4+ 52. Nd4
Ra6 53. Rc5 Kf6 54. g5+ hxg5 55. fxg5+ Ke7 56. Ke5 Kd7 57. Rb5 Ke7 58. Rb7+ Ke8
59. Nxe6 Ra5+ 60. Kf6 Rf5+ 61. Kxg6 Rf6+ 62. Kh7 Rh6+ 63. Kg8 Rxe6 64. Rg7 Re1
65. g6 Rg1 66. Kh8 Kf8 67. Rg8+ Ke7 68. Kg7 Rf1 69. Ra8 Rg1 70. Ra7+ Ke8 71.
Ra2 Rf1 72. Re2+ Kd8 73. Kh7 Rh1+ 74. Kg8 Rg1 75. g7 Kd7 76. Re4 Rg2 77. Kf7
Rf2+ 78. Kg6 Rg2+ 79. Kf6 Rf2+ 80. Kg5 1-0

[Event "4NCL Online Division 4"]
[Site "online"]
[Date "2020.10.06"]
[Round "4.134"]
[White "Clynes, Chris"]
[Black "Tarling, Adam"]
[Result "0-1"]
[WhiteElo "1457"]
[BlackElo "1720"]
[PlyCount "54"]
[EventDate "2020.10.06"]
[WhiteTeam "Bishop Trojans"]
[BlackTeam "Guildford Gatekeepers"]

1. d4 Nf6 2. Nf3 e6 3. e3 d5 4. Bd3 Bd6 5. c3 O-O 6. O-O Nbd7 7. Nbd2 Re8 8.
Qc2 Nf8 9. Ne5 c5 10. dxc5 Bxe5 11. f4 Bc7 12. b4 e5 13. fxe5 Bxe5 14. Nf3 Bg4
15. Nxe5 Rxe5 16. Bd2 a5 17. b5 Bd7 18. a4 Rc8 19. Rf3 Rxc5 20. Raf1 Bg4 21.
Rg3 Ng6 22. Rxf6 Qxf6 23. Rxg4 Rg5 24. Rxg5 Qxg5 25. e4 Qe5 26. exd5 Rxd5 27.
c4 Qd4+ 0-1

[Event "4NCL Online Division 4"]
[Site "online"]
[Date "2020.10.06"]
[Round "4.141"]
[White "Pillay, Shriya"]
[Black "O'Byrne, Daniel"]
[Result "0-1"]
[WhiteElo "1502"]
[BlackElo "1742"]
[PlyCount "55"]
[EventDate "2020.10.06"]
[WhiteTeam "Warwickshire Bears B"]
[BlackTeam "War & Piece 1"]

1. d4 d5 2. c4 Nf6 3. Nc3 e6 4. Nf3 Be7 5. Bf4 O-O 6. Qc2 dxc4 7. e3 Nd5 8. Bg3
Nb6 9. h4 Nc6 10. a3 Bd6 11. Ng5 f5 12. Ne2 Qe7 13. Nf4 Nd5 14. Bxc4 Nxf4 15.
Bxf4 Bxf4 16. exf4 Nxd4 17. Qc3 Rd8 18. O-O b5 19. Bxe6+ Bxe6 20. Rfe1 Rd6 21.
Kh1 h6 22. Rad1 hxg5 23. Rxd4 gxh4 24. Qc5 Qd7 25. Red1 Qc6 26. Qe5 h3 27. Rg1
Bd5 28. f3 0-1

[Event "4NCL Online Division 4"]
[Site "online"]
[Date "2020.10.06"]
[Round "4.142"]
[White "Kelly, Richard"]
[Black "Nasibova, Margarita"]
[Result "1-0"]
[WhiteElo "1817"]
[BlackElo "1435"]
[PlyCount "65"]
[EventDate "2020.10.06"]
[WhiteTeam "War & Piece 1"]
[BlackTeam "Warwickshire Bears B"]

1. d4 Nf6 2. c4 g6 3. Nc3 Bg7 4. e4 d6 5. Nf3 O-O 6. h3 Nbd7 7. Be3 e5 8. d5
Nh5 9. Qd2 f5 10. exf5 gxf5 11. Bh6 f4 12. Bxg7 Nxg7 13. O-O-O Nc5 14. Bd3 Bf5
15. Bxf5 Rxf5 16. Rhe1 a5 17. Ne4 Nxe4 18. Rxe4 a4 19. Qd3 Ra6 20. h4 Qa8 21.
Ng5 a3 22. b3 Qa7 23. Rd2 h6 24. Ne6 Nxe6 25. dxe6 Qb8 26. Rxf4 Rxf4 27. Qg6+
Kh8 28. Qxh6+ Kg8 29. Qg6+ Kh8 30. e7 Ra8 31. Qh5+ Kg8 32. Rd3 Qe8 33. Rg3+ 1-0

[Event "4NCL Online Division 4"]
[Site "online"]
[Date "2020.10.06"]
[Round "4.143"]
[White "Vaidyanathan, Adithya"]
[Black "Chwieseni, Edward I"]
[Result "0-1"]
[WhiteElo "1472"]
[BlackElo "1696"]
[PlyCount "158"]
[EventDate "2020.10.06"]
[WhiteTeam "Warwickshire Bears B"]
[BlackTeam "War & Piece 1"]

1. Nf3 Nf6 2. d4 e6 3. c4 d5 4. Nc3 Bb4 5. Bg5 O-O 6. Qc2 Nbd7 7. a3 Be7 8.
cxd5 exd5 9. Bxf6 Nxf6 10. e3 g6 11. Bd3 c6 12. Rc1 Bg4 13. Ne5 Be6 14. Rb1 Ng4
15. Nxg4 Bxg4 16. O-O Bd6 17. h3 Be6 18. e4 Qg5 19. e5 Bc7 20. f4 Qh4 21. Rf3
f6 22. f5 gxf5 23. Bxf5 Bxf5 24. Qxf5 Qxd4+ 25. Kh1 Qxe5 26. Qxe5 fxe5 27. Rg3+
Kh8 28. Rc1 e4 29. Nxd5 Bxg3 30. Nc3 Rf2 31. Nxe4 Rxb2 32. Nxg3 Rg8 33. Rc3 h5
34. Nxh5 Rgxg2 35. Nf6 Rh2+ 36. Kg1 Rbg2+ 37. Kf1 Ra2 38. Kg1 Rhb2 39. Rc1 Rxa3
40. Re1 Kg7 41. Nh5+ Kh6 42. Nf4 Rg3+ 43. Kh1 Rf3 44. Ng2 Rxh3+ 45. Kg1 Ra3 46.
Re6+ Kg5 47. Re5+ Kf6 48. Re1 Raa2 49. Ne3 Re2 50. Rf1+ Ke6 51. Ng4 Rg2+ 52.
Kh1 Rxg4 53. Re1+ Kd6 54. Rd1+ Kc7 55. Re1 Rb4 56. Kg1 Kb6 57. Kf1 Rbb2 58. Rc1
c5 59. Kg1 Kb5 60. Kf1 c4 61. Ke1 Kb4 62. Kd1 Rd2+ 63. Ke1 c3 64. Rb1+ Rab2 65.
Rc1 Kb3 66. Ra1 Ra2 67. Rb1+ Rdb2 68. Rc1 c2 69. Kd2 Rb1 70. Rxc2 Rxc2+ 71. Kd3
Rd1+ 72. Ke3 Rd8 73. Kf3 Rc7 74. Kf4 Re7 75. Kf5 Rf8+ 76. Kg6 Rf1 77. Kg5 Rg7+
78. Kh6 Rg2 79. Kh5 Rh1# 0-1

[Event "4NCL Online Division 4"]
[Site "online"]
[Date "2020.10.06"]
[Round "4.144"]
[White "Morrison, Munroe L"]
[Black "He, Tom Junde"]
[Result "1-0"]
[WhiteElo "1675"]
[BlackElo "1465"]
[PlyCount "45"]
[EventDate "2020.10.06"]
[WhiteTeam "War & Piece 1"]
[BlackTeam "Warwickshire Bears B"]

1. e4 e5 2. Nc3 Bc5 3. Bc4 Nf6 4. d3 d6 5. f4 Ng4 6. f5 O-O 7. Qxg4 g6 8. Nd5
c6 9. Bg5 Qa5+ 10. Nc3 b5 11. Bb3 Bb4 12. Bd2 Kh8 13. a3 d5 14. O-O-O gxf5 15.
exf5 Bxc3 16. Bxc3 Qc7 17. Nf3 d4 18. Bd2 Rg8 19. Qh5 Rg7 20. Bh6 Rxg2 21. Rhg1
Rxg1 22. Rxg1 f6 23. Qe8# 1-0

[Event "4NCL Online Division 4"]
[Site "online"]
[Date "2020.10.06"]
[Round "4.151"]
[White "Marshall, John R"]
[Black "Healey, Grant"]
[Result "1-0"]
[WhiteElo "1660"]
[BlackElo "1922"]
[PlyCount "177"]
[EventDate "2020.10.06"]
[WhiteTeam "Temple Sutton"]
[BlackTeam "Camborne Trevithick"]

1. d4 d6 2. c4 g6 3. e4 Bg7 4. Nf3 Bg4 5. Be2 Nc6 6. Be3 Nf6 7. Nc3 O-O 8. h3
Bd7 9. d5 Ne5 10. Nxe5 dxe5 11. O-O a6 12. b4 b6 13. c5 b5 14. c6 Bc8 15. a4
bxa4 16. Rxa4 Ne8 17. Bc5 Nd6 18. b5 f5 19. f3 fxe4 20. fxe4 Rxf1+ 21. Qxf1 e6
22. bxa6 exd5 23. Nxd5 Nxe4 24. Rxe4 Bf5 25. Ra4 Kh8 26. Ne3 Be6 27. Qd1 Qg5
28. Bg4 Bg8 29. a7 h5 30. Bd7 Bf8 31. Qc1 Bxc5 32. Qxc5 Qf6 33. Rb4 e4 34. Rb1
Rf8 35. Qc2 Qd6 36. Rf1 Ra8 37. Qc3+ Kh7 38. Ra1 Qf4 39. Rf1 Qd6 40. Rd1 Qe7
41. Nd5 Bxd5 42. Rxd5 e3 43. Re5 Qf6 44. Qxe3 Rxa7 45. Re7+ Kg8 46. Re8+ Kf7
47. Qb3+ Kg7 48. Qg8+ Kh6 49. Qf8+ Qxf8 50. Rxf8 Ra1+ 51. Kh2 Kg5 52. Rc8 Ra7
53. Rg8 Kf6 54. Be8 g5 55. Bxh5 Ra6 56. Bf3 Ra7 57. Kg3 Kf5 58. Rf8+ Kg6 59.
Rb8 Kf6 60. Rb7 Ra5 61. Rxc7 Rc5 62. Rb7 Ke6 63. c7 Kd6 64. Kg4 Rxc7 65. Rxc7
Kxc7 66. Kxg5 Kd8 67. Kf6 Ke8 68. g4 Kf8 69. g5 Kg8 70. g6 Kh8 71. Kg5 Kg7 72.
h4 Kh8 73. h5 Kg7 74. h6+ Kh8 75. h7 Kg7 76. Bc6 Kh8 77. Kf5 Kg7 78. Ke6 Kh8
79. Ke7 Kg7 80. Bd5 Kh8 81. Ke6 Kg7 82. h8=Q+ Kxh8 83. Be4 Kg7 84. Ke7 Kg8 85.
Kf6 Kf8 86. g7+ Kg8 87. Bd5+ Kh7 88. g8=Q+ Kh6 89. Qg6# 1-0

[Event "4NCL Online Division 4"]
[Site "online"]
[Date "2020.10.06"]
[Round "4.152"]
[White "George, Ian M"]
[Black "Pool, Melvin R"]
[Result "1-0"]
[WhiteElo "1945"]
[BlackElo "1645"]
[PlyCount "75"]
[EventDate "2020.10.06"]
[WhiteTeam "Camborne Trevithick"]
[BlackTeam "Temple Sutton"]

1. e4 e5 2. Nf3 Nc6 3. Bc4 Be7 4. O-O Nf6 5. Nc3 Nxe4 6. Nxe4 d5 7. Bxd5 Qxd5
8. Nc3 Qd8 9. h3 Be6 10. d3 h6 11. Re1 f6 12. Be3 Qd7 13. d4 O-O-O 14. dxe5
Qxd1 15. Raxd1 Nxe5 16. Nxe5 fxe5 17. Bd2 g5 18. Rxe5 Rd6 19. Nb5 Rd5 20. Rxe6
Rxb5 21. Rxe7 Rd8 22. b3 Rbd5 23. Re2 b5 24. Kf1 c5 25. Ke1 c4 26. bxc4 bxc4
27. Re4 Rd4 28. Rxd4 Rxd4 29. Be3 Re4 30. Rd4 Re6 31. Rxc4+ Kb7 32. a4 a6 33.
Rb4+ Kc7 34. Ke2 Rc6 35. Kd3 Rd6+ 36. Bd4 Kd7 37. Rb7+ Kc6 38. Rb6+ 1-0

[Event "4NCL Online Division 4"]
[Site "online"]
[Date "2020.10.06"]
[Round "4.153"]
[White "Yau, Ethan Y"]
[Black "Morgan, Jamie"]
[Result "0-1"]
[WhiteElo "1615"]
[BlackElo "1840"]
[PlyCount "68"]
[EventDate "2020.10.06"]
[WhiteTeam "Temple Sutton"]
[BlackTeam "Camborne Trevithick"]

1. e4 c5 2. Nf3 g6 3. Bc4 Bg7 4. c3 e6 5. d4 cxd4 6. cxd4 d5 7. exd5 exd5 8.
Bb5+ Nc6 9. O-O Nge7 10. Bg5 h6 11. Bh4 g5 12. Bg3 O-O 13. Nc3 Bg4 14. Qd3 Bxf3
15. Qxf3 Nxd4 16. Qd3 Nxb5 17. Qxb5 d4 18. Ne4 Qd5 19. Qd3 f5 20. Nxg5 hxg5 21.
h3 f4 22. Bh2 Rac8 23. Rac1 Nc6 24. a3 Ne5 25. Qd2 Qb3 26. Rfe1 Nc4 27. Qd1
Qxd1 28. Rexd1 Nxb2 29. Rxc8 Rxc8 30. Re1 d3 31. Rb1 d2 32. Kf1 Rc1+ 33. Rxc1
dxc1=Q+ 34. Ke2 Qd1# 0-1